ბათუმის შოთა რუსთაველის სახელმწიფო უნივერსიტეტის ბიბლიოთეკა

ორთოგრაფიული ლექსიკონი / (ბიბ.ჩანაწერი № 52893)

000 -ლიდერი
ფიქსირებული სიგრძის საკონტროლო ველი 01154nam a2200253Ia 4500
001 - საკონტროლო ნომერი
საკონტროლო ველი 19923
003 - საკონტროლო ნომრის იდენტიფიკატორი
საკონტროლო ველი GE_BSU
005 - ბოლო ოპერაციის თარიღი და დრო
საკონტროლო ველი 20200511212131.0
008 - ფიქსირებული სიგრძის მონაცემთა ელემენტები - ზოგადი ინფორმაცია
ფიქსირებული სიგრძის საკონტროლო ველი 181216s1946||||ge |||||||||||||| ||geo||
040 ## - კატალოგიზაციის წყარო
Transcribing agency GE_BSU
041 ## - ენის კოდი
Language code of text/sound track or separate title geo
080 ## - უნივერსალური ათობითი კლასიფიკაციის ინდექსი
Universal Decimal Classification number 81'374(038) = 353.1'35 თ-77
100 ## - მთავარი ჩანაწერი - პიროვნების სახელი
Personal name თოფურია, ვ.
9 (RLIN) 1040
245 ## - ცნობა სათაურის შესახებ
Title ორთოგრაფიული ლექსიკონი /
Statement of responsibility, etc ვ. თოფურია, ი. გიგინეიშვილი ; რედ. ს. ყაუხჩიშვილი.
250 ## - გამოცემის ცნობა
Edition statement მე-2 გამოცემა
264 ## - წარმოების, გამოცემის, დისტრიბუციის და სხვა ცნობები
გამოცემის, წარმოების, დისტრიბუციის... ადგილი თბილისი :
გამოცემის, წარმოების, დისტრიბუციის... სახელწოდება სახელგამის სასწ.-პედაგოგ. სექტორი,
გამოცემის, წარმოების, დისტრიბუციის... თარიღი 1946.
300 ## - ფიზიკური აღწერა
Extent 263 გვ. ;
Dimensions 21 სმ.
490 ## - სერიის ცნობა
Series statement სასკოლო ლექსიკონთა სერია
Volume number/sequential designation IV
653 ## - INDEX TERM--UNCONTROLLED
Uncontrolled term ორთოგრაფიული ლექსიკონი
700 ## - ADDED ENTRY--PERSONAL NAME
Personal name გიგინეიშვილი, ი.
Relator term ავტორი
9 (RLIN) 5514
700 ## - ADDED ENTRY--PERSONAL NAME
Personal name ყაუხჩიშვილი, ს.
Relator term რედაქტორი
9 (RLIN) 8037
942 ## - ADDED ENTRY ELEMENTS (KOHA)
Koha item type წიგნი
Source of classification or shelving scheme
ეგზემპლარები
ჩამოწერის სტატუსი დაკარგული ეგზემპლარის სტატუსი კლასიფიკაციის წყარო ან თაროზე გაწყობის სქემა დაზიანების სტატუსი არ გაიცემა მუდმივი მდებარეობა (დაცვის ადგილი) ამჟამინდელი ადგილსამყოფელი თაროზე განთავსების ადგილი შეძენის თარიღი ღირებულება, შესყიდვის ნორმალური ფასი სრული შენახვის შიფრი შტრიხკოდი ბოლო ოპერაციის თარიღი ეგზემპლარის მიმდევრობითი ნომერი (კეტერი?) ფასის ძალაში შესვლის თარიღი ეგზემპლარის სახეობა საჯარო შენიშვნა
          ბათუმის შოთა რუსთაველის სახელმწიფო უნივერსიტეტის მთავარი ბიბლიოთეკა ბათუმის შოთა რუსთაველის სახელმწიფო უნივერსიტეტის მთავარი ბიბლიოთეკა წიგნსაცავი 2018-12-17 1.40 81'374(038) = 353.1'35 თ-77 52420 2018-12-17 52420 2018-12-17 წიგნი 1.40 ლ.
          ბათუმის შოთა რუსთაველის სახელმწიფო უნივერსიტეტის მთავარი ბიბლიოთეკა ბათუმის შოთა რუსთაველის სახელმწიფო უნივერსიტეტის მთავარი ბიბლიოთეკა წიგნსაცავი 2018-12-17 1.40 81'374(038) = 353.1'35 თ-77 52421 2018-12-17 52421 2018-12-17 წიგნი 1.40 ლ.
          ბათუმის შოთა რუსთაველის სახელმწიფო უნივერსიტეტის მთავარი ბიბლიოთეკა ბათუმის შოთა რუსთაველის სახელმწიფო უნივერსიტეტის მთავარი ბიბლიოთეკა წიგნსაცავი 2018-12-17 1.40 81'374(038) = 353.1'35 თ-77 52495 2018-12-17 52495 2018-12-17 წიგნი 1.40 ლ.